000 00899nam a22002057a 4500
999 _c812
_d812
003 AR-CdUCM
008 190225b ||||| |||| 00| 0 spa d
040 _aMUNICIPALIDAD PROVINCIAL DEL CUSCO
_cBIBLIOTECA MUNICIPAL DEL CUSCO
082 _a985.613 /
_bZ55
100 _aZecenarro Mateus, Carlos
_93084
245 _aEl Cusco milenario y su histórica provincia altiva de Canas /
260 _aLima :
_bFeecaat,
_c2013.
300 _a268 páginas ;
_c20.5 cm.
505 _aContenido: La trascendencia de Cusco y la importancia de la "altiva" Canas -- Su capital y distritos que la integran -- Las actuales autoridades de Canas -- Algunos apuntes sobre las haciendas de antaño -- Con relación a sus importantes comunidades campesinas ...
650 _aQueswachaca
_93085
650 _aCostumbres
_9230
650 _aFiestas tradicionales
_93086
942 _2ddc
_cLIBROS
945 _aafb
_d2019-02-25